|
|
|
|
| LEADER |
00000ny a22000003n 4500 |
| 005 |
20110524140446.0 |
| 008 |
080703s2004 sp s 000 0 spa c |
| 035 |
|
|
|a 461
|
| 040 |
|
|
|a UMA.RE
|d vlex
|
| 080 |
|
|
|a 331.45(0.034)
|
| 080 |
|
|
|a 349.24(0.034)
|
| 090 |
|
|
|c 228
|d 228
|
| 245 |
0 |
0 |
|a Prevencion de riesgos laborales
|h [Recurso electrn̤ico]
|
| 256 |
|
|
|a Servicio en ln̕ea
|
| 260 |
|
|
|a [S.l.] :
|b [s.n.],
|c 2004
|
| 506 |
1 |
|
|a Contenido solo disponible en los productos indicados
|d vLex Global
|d vLex Global (Academic Edition, excluding Law Schools)
|d vLex Global (U.S. Academic Edition, Law Schools)
|d vLex Global (U.S. Academic Edition, excluding Law Schools)
|d vLex Global (Academic Edition, Law Schools)
|
| 650 |
0 |
7 |
|a Seguridad social
|2 Tesauro vLex
|
| 650 |
0 |
7 |
|a Prevencin̤ de riesgos laborales
|2 Tesauro vLex
|
| 740 |
0 |
|
|a vLex Libros (Servicios en ln̕ea)
|
| 856 |
4 |
0 |
|u http://vlex.com/source/461
|z Acceso restringido
|
| 942 |
|
|
|c BOOK
|
| 999 |
0 |
|
|a Social security
|b Spain
|